La Guardia Civil (Record no. 72518)

MARC details
000 -LEADER
campo de control de longitud fija 00593nam a2200181 i 4500
001 - NÚMERO DE CONTROL
campo de control 72518
003 - IDENTIFICADOR DE NÚMERO DE CONTROL
campo de control ES-MaACL
005 - FECHA Y HORA DE LA ÚLTIMA TRANSACCIÓN
campo de control 20230906171447.0
007 - CAMPO FIJO DE DESCRIPCIÓN FÍSICA--INFORMACIÓN GENERAL
campo de control de longitud fija t|
008 - DATOS DE LONGITUD FIJA--INFORMACIÓN GENERAL
campo de control de longitud fija 040901s1907 sp |||| | spa d
100 1# - ENTRADA PRINCIPAL--NOMBRE DE PERSONA
Nombre de persona Gistau Ferrando, Miguel,
Fechas asociadas al nombre 1872-1920
9 (RLIN) 167580
245 13 - MENCIÓN DEL TÍTULO
Título La Guardia Civil
Resto del título : historia de esta institución /
Mención de responsabilidad, etc. Miguel Gistau Ferrando.
260 ## - PUBLICACIÓN, DISTRIBUCIÓN, ETC.
Lugar de publicación, distribución, etc. Valdemoro (Madrid) :
Nombre del editor, distribuidor, etc. [s.n.,
Fecha de publicación, distribución, etc. 1907] (
Fabricante Imp. de la Guardia Civil)
300 ## - DESCRIPCIÓN FÍSICA
Extensión 588 p. ;
Dimensiones 24 cm.
610 14 - PUNTO DE ACCESO ADICIONAL DE MATERIA--NOMBRE DE ENTIDAD CORPORATIVA
Nombre de entidad corporativa o nombre de jurisdicción como elemento de entrada España.
Unidad subordinada Guardia Civil-
Subdivisión de forma Historia.
9 (RLIN) 167582
852 ## - LOCALIZACIÓN
Ubicación ES-MaACL
Número de control de estantería F-1280
Holdings
Estatus retirado Estado de pérdida Estado de daño No para préstamo Biblioteca de origen Biblioteca actual Ubicación en estantería Fecha de adquisición Fuente de adquisición Total de préstamos Signatura topográfica completa Código de barras Visto por última vez Precio de reemplazo Tipo de ítem Koha
        Biblioteca del Ateneo de Madrid Biblioteca del Ateneo de Madrid Depósito 2 17/01/2008     F-1280 1075918 23/02/2023 23/02/2023 Libro impreso